Microsporidia parasitos de larvas de mosquitos de la costa Pacífica del Chocó (Registro nro. 14986)

Detalles MARC
000 -CABECERA
Campo de control 004450000a22001450004500
090 ## - CLASIFICACIÓN LOCAL
Colección AS
Consecutivo Seriadas
041 0# - IDIOMA
Código de idioma para texto/pista de sonido o título separado
100 1# - ASIENTO PRINCIPAL--NOMBRE PERSONAL
Nombre personal Zuluaga G., Juan Santiago
245 10 - MENCION DE TITULO
Título Microsporidia parasitos de larvas de mosquitos de la costa Pacífica del Chocó
700 1# - ASIENTO SECUNDARIO - NOMBRE PERSONAL
Nombre personal Weiser, Jaroslav
700 1# - ASIENTO SECUNDARIO - NOMBRE PERSONAL
Nombre personal Rojas, William
700 1# - ASIENTO SECUNDARIO - NOMBRE PERSONAL
Nombre personal Orduz, Sergio
773 1# - Item fuente:
Título Caldasia
Especificación de materiales 45
Descripción física 2
Paginas del Articulo 231-236
Lugar, editorial y fecha de publicación 1993
Información sobre la relación 17
942 ## - ELEMENTOS ADICIONALES (KOHA)
Tipo de ítem Artículo

No hay ítems disponibles.